Profit testing, ako jedna z metód oceňovania produktov životného poistenia diplomová práca

Gespeichert in:
Bibliographische Detailangaben
1. Verfasser: Čajkovičová, Michaela
Körperschaft: Fakulta hospodárskej informatiky EU. Katedra matematiky
Weitere Verfasser: Ondrejková Krčová, Ingrid, 1969-
Format: Buch
Sprache:Slowakisch
Veröffentlicht: Bratislava 2011
Tags: Tag hinzufügen
Keine Tags, Fügen Sie das erste Tag hinzu!

MARC

LEADER 00000nbm a2200000 4500
001 0132276
005 20161109101803.3
041 0 |a slo 
044 |a SK 
245 1 0 |a Profit testing, ako jedna z metód oceňovania produktov životného poistenia  |b diplomová práca  |c Michaela Čajkovičová ; školiteľ: Ingrid Ondrejková Krčová 
264 1 |a Bratislava  |c 2011 
300 |a 72 s. 
100 1 |a Čajkovičová, Michaela 
700 1 |a Ondrejková Krčová, Ingrid, 1969- 
710 2 |a Fakulta hospodárskej informatiky EU. Katedra matematiky